01022nam a22002297a 450000500170000000800410001702000180005805000270007624501390010325000120024226001380025430000280039230000280042049000250044850400270047365000610050065000620056165100600062370000400068370000400072370000290076320251020124204.0211001t mx d gr|||| 00| 0 spa|d a978607401816504aHD2360.5.U6 bE97 201400aExperiencia empresarial transfronteriza b : migración, crisis y financiamiento c / Alicia Girón, Eugenia Correa, coordinadoras. a1a ed.  aMéxico :bUniversidad Nacional Autónoma de México. Instituto de Investigaciones Económicas :bMiguel Ángel Porrúa :c2014 a179 p. :bil. ;c23 cm. a1 CD-Rom ; c4 3/4 plg.0 vJesús Silva Herzog aIncluye bibliografía 72lembaEmpresas de inmigrantesxIndustriazEstados Unidos 72lembaMexicanosxCondiciones económicaszEstados Unidos 72lembaMéxicoxEmpresas de inmigranteszEstados Unidos1 aGirón, Aliciaeautorecoordinador1 aCorrea, Eugeniaeautorecoordinador1 aCaballero, Hildaeautora